000 00292 a2200085 4500
245 0 0 _aSłownictwo telekomunikacyjne - Telegrafia i Teledacja (Transmisja danych) Nazwy i określenia PN-T-01004 /
_cM.Ł.
246 1 3 _aPN-T-01004
260 _aWarszawa :
_bM.Ł,
_c1971.
300 _a49 stron ;
_c30 cm.
650 _aPolska norma
999 _c18980
_d18980